La escritura creativa y formal

Gespeichert in:
Bibliographische Detailangaben
Hauptverfasser: Condemarín Grimberg, Mabel (VerfasserIn), Chadwick, Mariana (VerfasserIn)
Format: Buch
Sprache:Spanisch
Veröffentlicht: Santiago Andrés Bello 1994
Ausgabe:4a. ed
Schlagworte:
Tags: Tag hinzufügen
Keine Tags, Fügen Sie den ersten Tag hinzu!

MARC

LEADER 00000nam a2200000 a 4500
001 UCH6593
003 CL-VaPUC
008 091109e19940000CL |||||||||||||||||spa|d
020 |a 9561309822 
082 0 4 |a 372.6  |b CON  |2 21 
100 0 |a Condemarín Grimberg, Mabel  |e author  |9 543197 
700 0 |a Chadwick, Mariana  |e author  |9 543198 
245 1 3 |a La escritura creativa y formal 
250 |a 4a. ed 
300 |a 261 p 
942 |c BK 
945 |d 20091109 00:00:00  |a ccalabra 
260 |a Santiago  |b Andrés Bello  |c 1994 
650 0 |a Educación  |9 258661 
650 0 |a Escritura  |9 264941 
650 0 |a Educación básica   |9 224933 
650 0 |a Lingüística  |9 265068 
650 0 |a Expresión escrita  |9 334816 
650 0 |a Métodos de enseñanza  |9 270413 
583 |a last modification  |c 20091109 00:00:00  |k Rodrigo Vera 
999 |c 337458  |d 337456